[Event "UOP-Northrup"]
[Site "?"]
[Date "1999.09.23"]
[Round "?"]
[White "Buerger, E"]
[Black "Walker, A"]
[Result "1-0"]
[WhiteElo "2021"]
[BlackElo "1680"]
[PlyCount "109"]
[EventDate "1999.??.??"]

1. d4 Nf6 2. c4 g6 3. Nc3 d5 4. g3 c6 5. cxd5 cxd5 6. Bg2 Bg7 7. Bf4 Nc6 8. Nf3
{ } 8... a6 $2 {not necessary!} (8... O-O 9. O-O (9. Nb5 9... Qa5+ {forces} 10.
Nc3) 9... Ne4 10. Nxe4 (10. Nb5 10... Bf5 {idea: Rc8}) 10... dxe4 11. Nd2 11...
Bxd4 {idea Bxb2 or e3.  Both sides have play} (11... f5 12. e3 12... e5 {
is also interesting})) (8... Qb6 {too early to move Q} 9. Qc1 {
Rb1 or Qc2 allow Bf5}) 9. O-O O-O 10. Ne5 e6 11. Nxc6 11... bxc6 { } 12. Na4
Nh5 (12... Nd7 {assures the N has a role. Idea: e5}) 13. Rc1 Nxf4 14. gxf4 Qd6
15. e3 15... a5 { White has all the play, especially up c-file.} 16. Rc3 Rb8
17. Qc2 Bd7 18. Rc1 Rfc8 19. Bf1 Bf8 20. Ba6 Rc7 21. Rc5 21... Ra7 { } 22. Bd3
(22. Rxa5 $2 22... Qb4 (22... Rba8 23. Nc5) 23. Qc3 Qxc3 24. bxc3 24... Rba8 {
wins a piece}) 22... Qc7 23. Rc3 Rab7 24. Be2 Bd6 25. Rb1 {
Black has defended and takes a shot to start counterattack} 25... g5 $5 26.
fxg5 e5 (26... Bxh2+ 27. Kh1 Bd6 (27... Kh8 $2 28. f4 28... Bxf4 $6 (28... Bg3
29. Kg2 Bh4 30. Rh1) 29. exf4 Qxf4 30. Rf3 Qh4+ 31. Kg2 Qxg5+ 32. Rg3 Qf6 33.
Rh1 {White wins}) 28. f4 {and the Kside still favors White}) 27. Nc5 exd4 28.
exd4 { } 28... Bxc5 (28... Bxh2+ $2 {White now doesn't have f4} 29. Kh1 (29.
Kf1 Rb4 30. Rd3 (30. Qd2 30... Bf4 {; others allow Rxb2}) 30... Bf5) 29... Rb4
30. Nxd7 {Bl loses a piece}) (28... Rb4 {
Black's dark-square B can dominate since White's is gone!} 29. Nxd7 29... Qxd7
{and attack on dark squares b2,d4,g5,h2}) 29. dxc5 Qf4 30. Rf3 Qd4 (30... Qh4)
31. b3 Re8 32. Bd3 32... Qh4 { Note that Bd7 is useless and that if he still
had Bd6 how nice it would be!! Furthermore, White forces play from here on out.
} 33. Bf5 Kh8 34. Bxd7 Rxd7 35. Qf5 Rde7 36. Rh3 {idea: Qxh7#} 36... Re1+ 37.
Rxe1 Rxe1+ 38. Kg2 { } 38... Qe4+ {only way to stop mate} 39. Qxe4 Rxe4 40. Kf3
{  I judged Black is better here thinking his R cuts keeps K cornered and he
can just attack Pg5 with K to tie Wh down. White shows the truth: Black's a5
and c6 are weak and K is useless!} 40... a4 (40... Kg7 41. Rh6 41... Re6 {
is similar}) 41. Rh6 axb3 42. axb3 Rb4 (42... Re6 {gives Wh} 43. Rxe6 fxe6 44.
b4 {idea: b5! Wh has passers on both sides and wins easily.}) 43. Rxc6 Rxb3+
44. Kf4 { } 44... d4 45. Rb6 Rc3 46. c6 Kg7 47. Ke4 47... Kg6 $2 48. Kxd4 Rc2
49. c7+ Kxg5 50. Rb5+ Kf4 51. Rc5 Rd2+ 52. Kc3 { White wins} 52... Rxf2 53.
c8=Q Rf3+ 54. Kd4 f5 55. Qxf5# 1-0

[Event "Northrop-UOP"]
[Site "?"]
[Date "1999.09.23"]
[Round "?"]
[White "Vigants, A"]
[Black "Boldingh, E"]
[Result "1-0"]
[WhiteElo "1546"]
[BlackElo "1872"]
[PlyCount "63"]
[EventDate "1999.??.??"]

1. d4 c5 2. d5 Nf6 3. Nc3 g6 4. e4 d6 5. f3 Bg7 6. Bb5+ Nbd7 7. Nge2 a6 8.
Bxd7+ Bxd7 9. a4 b5 10. axb5 axb5 11. Bd2 b4 12. Na2 Qb6 13. O-O O-O 14. Qb1
Bb5 15. Re1 Ra6 16. Nac1 Rfa8 17. Rxa6 Rxa6 18. Kh1 Nd7 19. c3 b3 20. Ng1 Bc4
21. Nce2 Ne5 22. Nf4 g5 23. Nfh3 Nd3 24. Rd1 Ra2 25. Bxg5 Rxb2 26. Qa1 Bxc3 27.
Qa8+ Kg7 28. Bxe7 Kh6 29. Qf8+ Bg7 30. Qxf7 Nf2+ 31. Nxf2 Rxf2 32. Nh3 1-0

[Event "UOP-Northrop"]
[Site "?"]
[Date "1999.09.23"]
[Round "?"]
[White "Van Zile, C"]
[Black "Elek, G"]
[Result "1-0"]
[WhiteElo "1331"]
[BlackElo "1106"]
[PlyCount "92"]
[EventDate "1999.??.??"]

1. e4 e5 2. Nf3 Nc6 3. Bc4 Nf6 4. Nc3 Bc5 5. d3 h6 6. O-O O-O 7. Re1 Nd4 8. Be3
b6 9. Nxe5 a6 10. Ng6 Re8 11. Bd5 c6 12. Bb3 Nxb3 13. axb3 Bd6 14. Nf4 Nh7 15.
d4 Bc7 16. e5 d6 17. Nd3 dxe5 18. dxe5 c5 19. Bf4 Be6 20. Qf3 Nf8 21. h3 Ng6
22. Bg3 Nh4 23. Bxh4 Qxh4 24. Ra4 Qg5 25. Qf4 Qxf4 26. Rxf4 Bd8 27. Ra4 Bg5 28.
Nf4 Bd7 29. Rae4 Bc6 30. Ncd5 Bxd5 31. Nxd5 Rab8 32. Nc7 Re6 33. Nxe6 fxe6 34.
R1e2 Bc1 35. c4 Bxb2 36. Rxb2 Ra8 37. Rd2 Re8 38. Ree2 Kh7 39. Rd6 Ra8 40. Rxb6
Rc8 41. Rxa6 Rc7 42. Ra8 Kg6 43. Rh8 Rf7 44. Ra8 Rf5 45. Rd2 Rg5 46. Rd6 Rxe5
1-0

[Event "BankAm-Aces"]
[Site "?"]
[Date "1999.10.07"]
[Round "?"]
[White "Kras, T"]
[Black "Reyes, R"]
[Result "1/2-1/2"]
[WhiteElo "2214"]
[BlackElo "2371"]
[PlyCount "30"]
[EventDate "1999.??.??"]

1. d4 Nf6 2. c4 c5 3. d5 b5 4. cxb5 a6 5. bxa6 Bxa6 6. Nc3 g6 7. f4 Bg7 8. Nf3
O-O 9. e4 Bxf1 10. Rxf1 d6 11. e5 dxe5 12. fxe5 Ng4 13. Qe2 Nd7 14. e6 Nde5 15.
Ng5 c4 1/2-1/2

[Event "Aces-BankAm"]
[Site "?"]
[Date "1999.10.07"]
[Round "?"]
[White "Czernieki, A"]
[Black "Jasaitis, A"]
[Result "0-1"]
[WhiteElo "1968"]
[BlackElo "2101"]
[PlyCount "50"]
[EventDate "1999.??.??"]

1. e4 c5 2. Nf3 e6 3. d3 d5 4. Nbd2 Nc6 5. c3 Nf6 6. e5 Nd7 7. d4 Be7 8. g3 b6
9. Bb5 Bb7 10. h4 Qc7 11. Nf1 O-O-O 12. Qe2 f6 13. Bf4 fxe5 14. Nxe5 Ndxe5 15.
Bxc6 Qxc6 16. Qxe5 Bf6 17. Qe3 e5 18. Qd3 exf4 19. gxf4 Rhe8+ 20. Kd2 cxd4 21.
cxd4 Re4 22. Rc1 Rxd4 23. Rxc6+ Bxc6 24. Ne3 Rxd3+ 25. Kxd3 d4 0-1

[Event "BankAm-Aces"]
[Site "?"]
[Date "1999.10.07"]
[Round "?"]
[White "Friesema, W"]
[Black "Golla, R"]
[Result "1-0"]
[WhiteElo "2047"]
[BlackElo "1884"]
[PlyCount "60"]
[EventDate "1999.??.??"]

1. e4 g6 2. d4 d6 3. Be3 Bg7 4. Nc3 Nf6 5. Qd2 Ng4 6. Bf4 e5 7. dxe5 dxe5 8.
Qxd8+ Kxd8 9. O-O-O+ Bd7 10. Bg3 Kc8 11. h3 Nh6 12. Bc4 c6 13. Nge2 b5 14. Bb3
a5 15. a4 b4 16. Nb1 f5 17. f3 g5 18. Nd2 f4 19. Bf2 Kc7 20. Nc4 Ra6 21. Kb1
Be6 22. Nc1 Nf7 23. Nd3 Nd7 24. Rd2 Rd8 25. Rhd1 Nf8 26. Nc5 Rxd2 27. Nxa6+ Kc8
28. Rxd2 Nd7 29. Nd6+ Nxd6 30. Bxe6 Bf8 1-0

[Event "Aces-BankAm"]
[Site "?"]
[Date "1999.10.07"]
[Round "?"]
[White "Sagalovsky, L"]
[Black "Fraats, D"]
[Result "1-0"]
[WhiteElo "1945"]
[BlackElo "1875"]
[PlyCount "41"]
[EventDate "1999.??.??"]

1. e4 e6 2. d4 d5 3. e5 b6 4. Bb5+ Bd7 5. Bd3 c5 6. c3 f6 7. Qh5+ Ke7 8. Nf3
Be8 9. Qh4 Bf7 10. O-O Ke8 11. Bb5+ Nd7 12. exf6 gxf6 13. Re1 a6 14. Bc6 Ra7
15. Bxd5 Nb8 16. Bxe6 Bxe6 17. Rxe6+ Re7 18. Qh5+ Kd7 19. Qd5+ Kc8 20. Qxd8+
Kxd8 21. Rxb6 1-0

[Event "BankAm-Aces"]
[Site "?"]
[Date "1999.10.07"]
[Round "?"]
[White "Losoff, A"]
[Black "Frank, M"]
[Result "1/2-1/2"]
[WhiteElo "1854"]
[BlackElo "1807"]
[PlyCount "99"]
[EventDate "1999.??.??"]

1. e4 e6 2. d3 d5 3. Nd2 Nf6 4. Ngf3 Nc6 5. c3 d4 6. g3 e5 7. Qe2 Be6 8. Bg2
Be7 9. O-O Qd7 10. Ng5 O-O-O 11. Nxe6 Qxe6 12. c4 Nd7 13. a3 a5 14. b4 axb4 15.
axb4 Nxb4 16. Nb3 Nc5 17. Nxc5 Bxc5 18. Ba3 Na6 19. Rfb1 b6 20. Bc1 Kb7 21. f4
f6 22. Bd2 Ra8 23. fxe5 fxe5 24. Bf3 Ra7 25. Bg4 Qe7 26. Qe1 Rha8 27. Bd1 Nb8
28. Rxa7+ Rxa7 29. Be2 Nc6 30. Ra1 Rxa1 31. Qxa1 Bb4 32. Bc1 Bc3 33. Qa4 Qb4
34. Qxb4 Nxb4 35. Ba3 c5 36. Bxb4 cxb4 37. Bd1 Kc6 38. Kf2 b5 39. cxb5+ Kxb5
40. Kf3 Kc5 41. Kg4 Kd6 42. Bb3 g6 43. Kf3 Ke7 44. g4 Kf6 45. h4 Be1 46. g5+
Kg7 47. Kg4 Bd2 48. Bc2 h6 49. gxh6+ Kxh6 50. Bb3 1/2-1/2

[Event "Aces-BankAm"]
[Site "?"]
[Date "1999.10.07"]
[Round "?"]
[White "Franek, M"]
[Black "Bargerstock, D"]
[Result "1-0"]
[WhiteElo "1770"]
[BlackElo "1770"]
[PlyCount "69"]
[EventDate "1999.??.??"]

1. d4 Nf6 2. c4 e6 3. Nc3 Bb4 4. Qc2 d5 5. e3 c5 6. a3 Ba5 7. dxc5 d4 8. exd4
Qxd4 9. b4 Qe5+ 10. Be2 Ne4 11. Bb2 Nxc3 12. Bxc3 Qg5 13. Nf3 Qxg2 14. Rg1 Qh3
15. bxa5 f6 16. Qe4 a6 17. Qg4 Qxg4 18. Rxg4 Kf7 19. O-O-O e5 20. Rg3 Nc6 21.
Nd2 Bf5 22. Bf3 Rad8 23. Bd5+ Kf8 24. Ne4 Bxe4 25. Bxe4 Rxd1+ 26. Kxd1 g6 27.
Rd3 Ke7 28. Rd6 Rd8 29. Bb4 Rd7 30. Kd2 Rc7 31. Bxc6 Rxc6 32. Ke3 f5 33. f4
exf4+ 34. Kxf4 Kf7 35. Rd7+ 1-0

[Event "Exemplars-UOP"]
[Site "?"]
[Date "1999.10.14"]
[Round "?"]
[White "Gazmen, B"]
[Black "Sajbel, P"]
[Result "0-1"]
[WhiteElo "2131"]
[BlackElo "1884"]
[PlyCount "58"]
[EventDate "1999.??.??"]

1. e4 c6 2. c4 e5 3. Nc3 Nf6 4. Nf3 d6 5. h3 Be6 6. d4 exd4 7. Nxd4 Nbd7 8. Be2
Ne5 9. Nxe6 fxe6 10. Qb3 Qb6 11. Qc2 d5 12. cxd5 exd5 13. exd5 cxd5 14. O-O Rc8
15. Qf5 Ned7 16. Bb5 d4 17. Re1+ Kd8 18. Bg5 Rc7 19. Na4 Qd6 20. Re6 Qb4 21.
Bxf6+ gxf6 22. Qxf6+ $4 22... Nxf6 23. Rxf6 Qxb5 24. b3 Qe5 25. Rf3 Bd6 26. g3
Rf8 27. Rxf8+ Bxf8 28. Rd1 Rc2 29. h4 b5 0-1

[Event "UOP-Exemplars"]
[Site "?"]
[Date "1999.10.14"]
[Round "?"]
[White "Boldingh, E"]
[Black "Friske, T"]
[Result "0-1"]
[WhiteElo "1872"]
[BlackElo "1980"]
[PlyCount "40"]
[EventDate "1999.??.??"]

1. e4 Nf6 2. Nc3 d5 3. exd5 Nxd5 4. Bc4 Nxc3 5. Qf3 e6 6. bxc3 c5 7. Bb5+ Nd7
8. d4 $2 8... cxd4 9. cxd4 $2 9... Qa5+ 10. Bd2 Qxb5 11. Ne2 Be7 12. O-O O-O
13. Ng3 Bf6 14. c3 e5 15. Rab1 Qa5 16. Qd3 exd4 17. Rb5 Qd8 18. cxd4 Ne5 19.
Qe4 $2 19... Nc4 20. Be3 $2 20... Nd6 0-1

[Event "UOP"]
[Site "?"]
[Date "1999.10.14"]
[Round "?"]
[White "Schoonover, M"]
[Black "Lechnick, J"]
[Result "1/2-1/2"]
[WhiteElo "1291"]
[BlackElo "1816"]
[PlyCount "92"]
[EventDate "1999.??.??"]

1. e4 c5 2. d4 cxd4 3. c3 dxc3 4. Nxc3 Nc6 5. Nf3 d6 6. Bc4 e6 7. O-O Nf6 8.
Qe2 a6 9. Rd1 Qc7 10. Bf4 e5 11. Bg5 Be6 12. Bxe6 fxe6 13. Rac1 Qf7 14. Na4 h6
15. Nb6 Rd8 16. Bd2 Be7 17. Bc3 O-O 18. b4 Nd7 19. Nxd7 Rxd7 20. b5 axb5 21.
Qxb5 Bf6 22. a4 Rfd8 23. Ba5 Nxa5 24. Qxa5 d5 25. exd5 exd5 26. Qe1 e4 27. Nd4
Bxd4 28. Rxd4 Qf6 29. Qb4 Rf8 30. Rf1 Qc6 31. Qb3 Rf5 32. Rxe4 Rdf7 33. Re2 Rf4
34. Rc2 Qxa4 35. Rc8+ Kh7 36. Qxd5 Qa6 37. Qd2 Qe6 38. Rc7 Rxc7 39. Qxf4 Rf7
40. Qb4 Qc6 41. Qb1+ Qg6 42. Qb2 Qc6 43. Rc1 Qf6 44. Qc2+ Qg6 45. Qc8 Qf6 46.
Qc2+ Qg6 1/2-1/2

[Event "Case-Pawns"]
[Site "?"]
[Date "1999.10.07"]
[Round "?"]
[White "White, H"]
[Black "Jakstas, K"]
[Result "0-1"]
[WhiteElo "1668"]
[BlackElo "2148"]
[PlyCount "48"]
[EventDate "1999.??.??"]

1. d4 c5 2. d5 e5 3. dxe6 fxe6 4. e3 Nf6 5. Nf3 d5 6. b3 Nc6 7. Bb2 Bd6 8. c4
O-O 9. Be2 Bc7 10. O-O Kh8 11. Nbd2 d4 12. exd4 cxd4 13. Bd3 e5 14. h3 g6 15.
Ne4 Nxe4 16. Bxe4 Rb8 17. a3 Bf5 18. Nd2 Qg5 19. f4 Qh4 20. Bxf5 Rxf5 21. fxe5
Rbf8 22. Nf3 Qf4 23. Re1 Qg3 24. Rf1 24... Bxe5 {Wh flagged} 0-1

[Event "Pawns-Case"]
[Site "?"]
[Date "1999.10.07"]
[Round "?"]
[White "Ellice, W"]
[Black "Kleinfelter, H"]
[Result "1-0"]
[WhiteElo "1911"]
[BlackElo "1601"]
[PlyCount "34"]
[EventDate "1999.??.??"]

1. d4 d5 2. Nf3 c6 3. Bf4 Nd7 4. c3 Ngf6 5. h3 e6 6. e3 Ne4 7. Nbd2 f5 8. Nxe4
fxe4 9. Ne5 Nf6 10. Be2 g6 11. h4 Bd7 12. h5 Bg7 13. hxg6 h6 14. Nf7 Qe7 15.
Nxh8 Bxh8 16. Bxh6 O-O-O 17. Bf4 Be8 1-0

[Event "Case-Pawns"]
[Site "?"]
[Date "1999.10.07"]
[Round "?"]
[White "Satterlee, D"]
[Black "Mikulecky, B"]
[Result "0-1"]
[WhiteElo "1558"]
[BlackElo "1470"]
[PlyCount "106"]
[EventDate "1999.??.??"]

1. f4 d5 2. e3 Nf6 3. Nf3 Nc6 4. Bb5 Bd7 5. Ne5 Nxe5 6. fxe5 Ne4 7. Bxd7+ Qxd7
8. d3 Nc5 9. O-O { } 9... d4 10. Qf3 e6 11. b4 { } 11... Na4 12. Qxb7 Rd8 13.
Na3 c6 14. Qxd7+ Rxd7 15. exd4 Rxd4 16. Bd2 Bxb4 17. Bxb4 17... Rxb4 {
Material is even, but White to move.} 18. Nc4 {Now action centers around f7} (
18. Rab1 {and the Rook takes over b-file, probing Queenside weaknesses.}) 18...
O-O (18... Ke7 {keeps the King in the action.} 19. Nd6 f6) 19. Rf3 Nb6 20. c3
Rb5 21. a4 21... Rb3 { White got a couple of free Pawn moves} 22. Nxb6 axb6 23.
d4 c5 24. dxc5 bxc5 25. a5 { This Pawn isn't scary.} 25... Ra8 26. a6 Rb6 27.
Rd3 { } 27... h6 (27... Rbxa6 $4 28. Rxa6 Rxa6 29. Rd8#) (27... Kf8 {
brings the King toward the action}) 28. Rd6 Rxd6 29. exd6 {
I thought Black wins a Pawn here.} 29... Kf8 30. a7 Ke8 31. Ra6 Kd7 32. Kf2 g5
33. Ke3 f5 34. Kd3 { } 34... e5 35. Kc4 e4 36. Kxc5 36... e3 { } 37. Kd5 (37.
Kb6 $2 37... e2 (37... Kxd6 $4 38. Kb7+) 38. Ra1 Re8 39. Kb7 { } 39... e1=Q 40.
Rxe1 Rxe1 41. a8=Q 41... Rb1+ {
Black wins Queen, and White's King is too far away.} 42. Ka7 Ra1+ 43. Kb8 Rxa8+
44. Kxa8 { } 44... f4 $1 {idea: g4, then f3, etc.}) (37. Kd4 {
I believe White wins as the King can defend} 37... e2 38. Ra1 { } 38... Re8 (
38... f4 39. Kd3 Kxd6 (39... Re8 40. Kd2) 40. Kxe2) 39. Kd3 {
and then Kd2 wins Pe2} (39. a8=Q $2 39... Rxa8)) 37... e2 38. Ra1 38... f4 { }
39. Re1 (39. c4 g4 40. Re1 f3 41. gxf3 gxf3) 39... Rxa7 40. Rxe2 Ra5+ 41. Kd4
41... Kxd6 { } 42. c4 h5 43. h3 43... Rf5 { } 44. Re8 (44. Ra2 f3 45. gxf3 Rxf3
46. c5+ Kc7 47. Ra7+ Kc6 48. Ra6+ Kc7 49. Rg6 Rxh3 50. Rxg5 {is equal}) 44...
g4 { } 45. Rd8+ $2 (45. hxg4) 45... Ke7 46. Rd5 { } 46... f3 $1 {
Black's advanced Pawns win.} (46... Rxd5+ 47. cxd5 f3 48. Ke3 fxg2 49. Kf2
49... gxh3 {wins as well}) 47. Rxf5 (47. gxf3 Rxd5+ 48. cxd5 gxh3) (47. hxg4
fxg2) 47... fxg2 48. Re5+ 48... Kd6 { } 49. Rd5+ Ke6 (49... Kc6 50. Rc5+ Kb6
51. Rb5+ {similar to game}) 50. Re5+ Kf6 51. Re1 51... gxh3 { } 52. Ke3 h2 53.
Kf2 h1=Q 0-1

[Event "Pawns-Case"]
[Site "?"]
[Date "1999.10.07"]
[Round "?"]
[White "McKay, Pat"]
[Black "Reid, C"]
[Result "0-1"]
[WhiteElo "1415"]
[BlackElo "1443"]
[PlyCount "32"]
[EventDate "1999.??.??"]

1. e4 c5 2. Nc3 Nc6 3. Qh5 Nf6 4. Qxc5 e6 5. Qc4 Be7 6. Nf3 O-O 7. Bd3 d5 8.
Qa4 dxe4 9. Nxe4 Nxe4 10. Qxe4 g6 11. b3 Bf6 12. c3 e5 13. g4 Bxg4 14. Qxg4
Qxd3 15. Ng5 Bxg5 16. Qxg5 Qe4+ 0-1

[Event "CCDOC-Pawns"]
[Site "?"]
[Date "1999.10.25"]
[Round "?"]
[White "Williams, K"]
[Black "Jakstas, K"]
[Result "1/2-1/2"]
[WhiteElo "1989"]
[BlackElo "2148"]
[PlyCount "65"]
[EventDate "1999.??.??"]

1. e4 d5 2. exd5 Nf6 3. Bb5+ 3... Bd7 { } 4. Bc4 b5 5. Bb3 a5 6. a3 Bg4 7. f3
Bc8 8. Nc3 { } 8... Ba6 9. d3 g6 10. Bg5 Bg7 11. Qd2 O-O 12. Bh6 Nbd7 13. Bxg7
13... Kxg7 { } 14. Ne4 14... Nb6 {
showing why he wasn't concerned about the d5-Pawn!} 15. Qg5 Nfxd5 16. Ne2 a4
17. Ba2 b4 18. Nd4 { } 18... b3 {undermining Pd3} 19. cxb3 Nf6 20. Nf5+ 20...
Kh8 { } 21. Nxe7 $1 {undermining Nf6!} 21... Nxe4 22. dxe4 22... f6 { } 23.
Nxg6+ {getting a lot for the desperado!} 23... hxg6 (23... Kg7 $2 24. Nxf8+ $1
24... fxg5 25. Ne6+ Kf7 26. Nxd8+ 26... Rxd8 {Wh has an extra R!}) 24. Qh6+ Kg8
25. Qxg6+ Kh8 26. Qh6+ Kg8 27. bxa4+ {
White has 5 Ps for a N and has Blacks King exposed!} 27... Bc4 28. Qg6+ (28.
Rd1 Qe7 29. Bxc4+ Nxc4 30. Qc1 { if Rxa4, b3 forks. After N retreats, Rd5 and
pile up on d-file. White can allow Black to win a Pawn back and still win game.
}) 28... Kh8 {DRAWN HERE, but} 29. Qh5+ Kg8 30. Bxc4+ Nxc4 31. Qg4+ Kf7 (31...
Kh8 $2 32. Rd1 Nd6 (32... Qc8 {or Qe8} 33. Rd7 {mating}) (32... Qe7 $4 33. Rd7
{and mates with Qg7}) 33. Rd5 {idea: Rh5#} 33... f5 34. exf5 (34. Qh5+ Kg7 35.
e5 35... Qe7 {pins Pe5 and unpins Nd6}) 34... Rxf5 { } 35. Qxf5 $1 35... Nxf5
36. Rxd8+ 36... Rxd8 {gotta believe a White Pawn will queen!} 37. Ke2 Nd4+ (
37... Re8+ 38. Kf2 (38. Kd3 $2 38... Nh4 39. g3 (39. Re1 $2 39... Rd8+ 40. Kc3
40... Nxg2 {Whites kingside is too weak}) 39... Nxf3 40. a5 Ne5+ 41. Kc3 Nc6
42. b4 Re3+) 38... Rd8 (38... Ra8 39. b3 Nd4 40. Rb1 Nc2 41. Rc1) (38... Rb8
39. b4 c5 40. Rb1) 39. Re1 Rd4 (39... Rd2+ 40. Re2) 40. a5) (37... Nh4 38. g3)
38. Kf2 Nb3 39. Re1 Rd4 40. Re3 Nc5 41. a5) 32. Rd1 {threatening Rd7mating}
32... Nd6 {Black can defend, but still love all those White Pawns!} 33. Kf2 {
idea: Rhe1, then e5} (33. Rd5 Rg8 34. Qh5+ {and the Black King will be hassled}
) 1/2-1/2

[Event "Pawns-CCDOC"]
[Site "?"]
[Date "1999.10.25"]
[Round "?"]
[White "Ellice, W"]
[Black "Seaton, E"]
[Result "1-0"]
[WhiteElo "1911"]
[BlackElo "1612"]
[PlyCount "95"]
[EventDate "1999.??.??"]

1. d4 b6 2. Nf3 Bb7 3. Bf4 Nf6 4. e3 Nd5 5. Bg3 e6 6. Nbd2 Be7 7. c3 Nf6 8. Bd3
d5 9. Ne5 a6 10. h3 Ne4 11. Bh2 Bh4 12. g3 Bg5 13. Qe2 Nc6 14. Nxc6 Bxc6 15.
Nxe4 dxe4 16. Bxa6 Qd5 17. Bc4 Qf5 18. g4 Qf3 19. Qxf3 exf3 20. Bxc7 b5 21. Bb3
h5 22. O-O-O h4 23. a3 O-O 24. d5 Bd7 25. dxe6 Bxe6 26. Bxe6 fxe6 27. Kc2 Rac8
28. Be5 Be7 29. Rd7 Bf6 30. Bxf6 Rxf6 31. Rb7 Rc5 32. Rd1 Re5 33. Rd8+ Kh7 34.
Kd3 Rc5 35. b4 Rg5 36. Rd4 Rfg6 37. Ke4 Rxg4+ 38. hxg4 h3 39. Kxf3 Rh6 40. Rd1
h2 41. Rh1 Rf6+ 42. Kg3 e5 43. Rxh2+ Kg8 44. Rxb5 Ra6 45. Rxe5 Rxa3 46. c4 Ra4
47. Rb5 Kf7 48. Rhh5 1-0

[Event "CCDOC-Pawns"]
[Site "?"]
[Date "1999.10.25"]
[Round "?"]
[White "Hall, A"]
[Black "Mikulechy, B"]
[Result "0-1"]
[WhiteElo "1550"]
[BlackElo "1470"]
[PlyCount "116"]
[EventDate "1999.??.??"]

1. f4 d5 2. d4 Nf6 3. Nf3 Nc6 4. c4 e6 5. c5 b6 6. Qa4 Bd7 7. e3 bxc5 8. Bb5
Nb4 9. Bxd7+ Qxd7 10. Qxd7+ Nxd7 11. Kd2 cxd4 12. Nxd4 Bc5 13. a3 Bxd4 14. axb4
Bb6 15. Nc3 c5 16. bxc5 Nxc5 17. Nb5 Nb3+ 18. Ke2 Nxa1 19. Nd6+ Ke7 20. Nb5 Nb3
21. Bd2 Nxd2 22. Kxd2 Rac8 23. g4 Rhe8 24. Kd3 f6 25. b3 e5 26. f5 e4+ 27. Kd2
Ba5+ 28. Kd1 a6 29. Nd4 Rc3 30. Ke2 Bb6 31. Ra1 Bxd4 32. exd4 Ra8 33. Ra5 Kd6
34. b4 Rb3 35. Ra4 Kc6 36. h4 Rh3 37. h5 Rg3 38. Ra5 Rxg4 39. Rc5+ Kd6 40. Ra5
Rg5 41. b5 Rxh5 42. bxa6 Rh2+ 43. Ke3 Rb2 44. a7 Rb7 45. Ra6+ Kd7 46. Ra5 Raxa7
47. Rxd5+ Ke7 48. Kxe4 Rd7 49. Rc5 Ra4 50. Rc6 Raxd4+ 51. Ke3 R4d5 52. Re6+ Kf7
53. Kf4 Rxf5+ 54. Kxf5 Rd5+ 55. Re5 Rxe5+ 56. Kf4 h5 57. Kg3 g5 58. Kf3 f5 0-1

[Event "Pawns-CCDOC"]
[Site "?"]
[Date "1999.10.25"]
[Round "?"]
[White "Lasky, N"]
[Black "Jackson, S"]
[Result "1/2-1/2"]
[WhiteElo "1381"]
[BlackElo "1393"]
[PlyCount "59"]
[EventDate "1999.??.??"]

{This game was interesting because it seemed like both sides stopped their
opponent's plans, and a draw resulted. The analysis hints at spots where both
sides had chances to take over!} 1. e4 1... c5 2. Nf3 d6 3. Bb5+ Bd7 4. Bxd7+
Nxd7 5. O-O 5... e5 { Black grabs center, but makes the standard break -d5
problematic. His dark-squared B is already imprisoned.} (5... g6 6. d4 cxd4 7.
Nxd4 ({or} 7. Qxd4 7... Ngf6) 7... Bg7 {builds a Dragon position}) (5... e6 {
helps battle for d5}) 6. d3 Be7 7. Nc3 7... Nb6 {
Battling for d5, but blocking possibilities involving -b5 space grab.} 8. a4 {
idea: a5 to kick Nb6 and gain d5 square} 8... a5 {
stops a5, but now only way Black can open position is on King side.} 9. Nb5 Nf6
10. Bg5 O-O 11. c4 { Now White is also locking the position.} (11. Qe2 {
White builds pressure on d-file: double Rs on d, then Pc3 and Pd4. Since Black
has to take time to defend Pe5, his best plan is to expand Kingside as in game.
} 11... Re8 $2 (11... d5 $2 12. exd5 Nbxd5 (12... Qxd5 13. Nc7) 13. Nxe5) 12.
Rfd1 { } 12... h6 ({if} 12... Bf8 {
-d5 is ready, but the Nf6 pin is uncomfortable for Black.}) 13. Bh4 (13. Bxf6
13... Bxf6 {Black holds d4 and is also ready to play -d5}) 13... g5 14. Bg3 {
Black has expanded Kingside, but it may prove weak.} 14... Nh7 {
but Re8 is misplaced}) (11. Nd2 $2 {with idea f4} 11... d5 {
is possible since N no longer hits e5}) 11... h6 12. Bh4 Kh8 13. Kh1 { } 13...
Nc8 (13... g5 14. Bg3 14... Nh7 { Black has a promising initative with f5-f4
and h5-h4 threats. Line B of analysis after 11Qe2 above differs with here in
that: Rf8 supports f5 and Kh8 is more safe.}) 14. Qd2 14... Ng4 {
The following trades remove most possibilities of attack for Black.} 15. Bxe7
Qxe7 16. h3 Nf6 17. b3 b6 18. Rae1 Na7 19. Nxa7 Rxa7 20. Nh4 Qe6 21. Nf5 21...
Kh7 { If something's going to happen, White plays f4 or g4-5, etc.} 22. f3 (22.
f4 22... g6 {This seems possible since Pf4 blocks Queen from moving Qxh6+, but}
(22... exf4 $2 23. Qxf4 { White is hitting d6, ready to open with e5 and still
has pressure against King.} 23... Rd7 (23... Nh5 $2 24. Qxd6) (23... Ne8 24. e5
) 24. e5 $1 (24. g4 {and g5 looks promising}) 24... Nh5 25. Qe4 {
and Black has to avoid Nd4+ winning Queen.}) 23. Nxh6 $1 (23. Nh4 exf4 24. Qxf4
Nh5 25. Qf3) 23... Rh8 (23... Kxh6 $4 24. f5+ {wins Queen}) 24. f5 {
White can open lines and pressure down f-file. Re3-f3, etc.}) 22... Nh5 23. Kh2
Rg8 24. Rg1 24... g5 { Now White's opportunity has passed} 25. g3 (25. h4 $2
25... gxh4 (25... g4 $2 26. fxg4 26... Rxg4 {probably leads nowhere}) 26. Nxh4
Ng3) 25... Rg6 26. Rg2 Ra8 27. Reg1 Rag8 28. Qe2 Ng7 29. g4 29... Qd7 { } 30.
Qf1 1/2-1/2